| 000 | 00593nam a22001937a 4500 | ||
|---|---|---|---|
| 999 |
_c22379 _d22379 |
||
| 003 | AR-CdUCM | ||
| 008 | 190325b ||||| |||| 00| 0 spa d | ||
| 020 | _a9786073141079 | ||
| 040 |
_aMUNICIPALIDAD PROVINCIAL DEL CUSCO _cBIBLIOTECA MUNICIPAL DEL CUSCO |
||
| 082 |
_a869.5684/V32 _bV32 |
||
| 100 |
_aVargas Llosa, Mario _9483 |
||
| 245 |
_aCinco esquinas / _cMario Vargas Llosa |
||
| 260 |
_aLima : _bAlfaguara, _c2017. |
||
| 300 |
_a314 paginas. : _c23 cm. |
||
| 500 | _a"Premio Nobel de Literatura"--Cubierta. | ||
| 650 |
_aNovelas peruanas _9545 |
||
| 942 |
_2ddc _cLIBROS |
||
| 945 | _arac | ||